00857nam a22002777a 4500003000800000005001700008008004100025020001500066040001700081041000800098082001300106100002600119245002900145250001300174260003600187300002100223505003100244505003200275505007400307505009400381650002000475650001500495650002900510653002500539653001500564IBSLLIB20260512081441.0260512b |||||||| |||| 00| 0 eng d a0024053511 aIBSLLIBbeng hEng a337bSAL aSalvatore , Dominick  aEnternational Economics  a4th ed.  aNew York : bMacmillan , c1990 a126 p ; c24 cm  aInternational trade theory aInternational trade policy  aForeign exchange markets, exchange rates and the balance of payments  aOpen economy macroeconomics Adjustment in the balance of payments and domestic stability  aSocial science  aEconomics  aInternational economics  aInternational trade  aEconomics